000 00395nam a2200133Ia 4500
008 220104s9999 xx 000 0 und d
100 _aKato aTanaka A
245 0 _aStudy on rubber seed oil and its minor componenet ( unsaponifiable matter) [ in Thailand]
650 _aRubber seed oil
650 _aThailand
650 _aUnsaponifiable matter
700 _aWimonsi-Thewaphalin
942 _cBE
999 _c47646
_d47646